Kliknij województwa Polski na mapie bez granic - Statystyki

Ogólne statystyki
  • Ten quiz został rozwiązany 17 653 razy
  • Średni wynik to 13 z 16
Odpowiedzi na mapie
Odpowiedzi zakodowano w zielono-czerwonej skali na mapie do tego quizu, zgodnie z poniższymi procentami.
 
Statystyki odpowiedzi
Odpowiedź % Poprawnych
Mazowieckie
91%
Pomorskie
91%
Zachodniopomorskie
89%
Podlaskie
87%
Warmińsko - mazurskie
87%
Lubelskie
85%
Wielkopolskie
85%
Dolnośląskie
84%
Podkarpackie
84%
Łódzkie
83%
Kujawsko-pomorskie
80%
Lubuskie
80%
Małopolskie
80%
Świętokrzyskie
78%
Opolskie
76%
Śląskie
76%
Nie znaleziono quizów pasujących do podanych kryteriów
Rozkład punktacji
Procent ludzi z każdym wynikiem
Percentyl według liczby udzielonych odpowiedzi
Twoja historia wyników
Nie rozwiązałeś tego quizu